[Event "IV Zagreb Open 2019"]
[Site "Zagreb"]
[Date "2019.12.13"]
[Round "8.6"]
[White "Plenca, Jadranko"]
[Black "Loncar, Robert"]
[Result "1-0"]
[WhiteElo "2453"]
[BlackElo "2389"]
[Annotator "TA"]
[PlyCount "149"]
[EventDate "2019.12.07"]
[EventType "swiss"]
[EventCountry "CRO"]
[SourceTitle "playchess.com"]
[Source "ChessBase"]
[SourceQuality "1"]

{[%evp 10,149,67,67,72,24,36,26,28,31,29,20,36,20,28,14,29,-15,0,0,0,0,0,0,0,0,10,-48,64,66,65,24,87,72,103,0,0,0,0,0,0,0,0,0,0,-99,-92,-128,-39,-33,0,0,0,-186,-179,-257,0,0,0,-243,0,0,0,-95,-138,-142,-47,-27,-15,-11,0,0,0,-15,-11,-331,-344,-316,-199,-442,-427,-1151,-349,-330,-306,-306,-291,-266,-246,-321,-154,-494,-316,-368,-375,-323,0,0,0,0,467,467,458,449,436,406,389,356,980,947,1338,831,990,907,893,871,680,701,647,612,3977,2566,1968,1848,1347,1117,568,0,560,550,29972,29972,29981,29982,29981,29982,29982,29983,29983,29984,29984,29985]} 1. e4 e5 2. Nf3 d6 3. d4 exd4 4. Nxd4 g6 5. Nc3 Bg7 6. Be3 Nc6 {C41: Philidor Defence} 7. Bb5 (7. Qd2 Nf6 8. f3 O-O 9. O-O-O Be6 10. g4 Nxd4 11. Bxd4 c5 12. Be3 Qa5 13. Bh6 Rfd8 14. Bxg7 Kxg7 15. h4 Bxa2 16. Nxa2 Qxa2 17. Qc3 d5 18. g5 Qa1+ 19. Kd2 dxe4+ 20. Bd3 Qa4 21. b3 Qe8 22. Qxf6+ Kg8 23. Rhe1 Qd7 24. Rxe4 b5 25. h5 gxh5 26. Re7 Qd5 27. Kc1 Kf8 28. Be2 {1-0 (28) Najer,E (2633)-Mamedyarov,S (2753) Khanty-Mansiysk 2013}) 7... Bd7 8. Nxc6 bxc6 {White has an edge.} 9. Ba4 Nf6 10. Qd2 O-O $146 ({Predecessor:} 10... c5 11. Bb3 O-O 12. Bh6 Qe7 13. f3 Nxe4 14. Nxe4 Qh4+ 15. g3 Qxh6 16. Qxh6 Bxh6 {1-0 (45) Khasin,G (2011)-Titz,H (2085) Davos 2006}) 11. f3 Rb8 12. Bb3 a5 13. g4 Be6 14. O-O-O Nd7 15. Bh6 Bxh6 16. Qxh6 Bxb3 17. axb3 Qf6 18. h4 (18. Qe3 $11) 18... Ne5 (18... Qxf3 19. Rdf1 $16) (18... a4 $1 $15 19. Nxa4 Qxf3 {[%mdl 64] Double Attack}) 19. Rdf1 Rb4 20. Qd2 Rfb8 (20... Nd7 $11) 21. g5 $16 Qe7 22. f4 (22. h5 $16) 22... Nd7 $1 $36 {[%cal Rd7c5][%mdl 2048] Black is pushing.} 23. h5 a4 $1 {[%cal Ra4b3]} 24. Nxa4 Qxe4 25. hxg6 fxg6 26. f5 gxf5 {[#]} 27. g6 $1 {[%mdl 512]} hxg6 $17 28. Nc3 Qd4 (28... Qe6 $1 $17 29. Qh6 Nf8) 29. Qg2 $1 $15 {[%cal Rg2g6]} Ne5 30. Qg5 $1 Rf8 31. Qh6 $2 (31. Qe7 $11 Nf7 32. Rhg1) 31... Kf7 $19 32. Qh7+ (32. Qg5 {was necessary.} Ke6 33. Kb1) 32... Ke6 $2 (32... Kf6 $1 $19 {aiming for ...Ra8.} 33. Qxc7 Ra8) 33. Re1 $1 $11 Kf6 34. Rhf1 $2 (34. Qxc7 $11 Rfb8 35. Rhf1) 34... Rf7 $2 (34... Qa7 $19 35. Rg1 Ra8) 35. Qh8+ Ke7 36. Qc8 (36. Kb1 $11) 36... Qa7 $1 $17 37. Qg8 {[#]} Qa1+ ({Better is} 37... f4 $1 $17 38. Qxg6 f3 39. Rxe5+ dxe5 40. Qg5+ Kd7 41. Rd1+ Ke6) 38. Nb1 $15 Rg4 39. Rh1 $1 Qa5 {Hoping for ...f4.} 40. Nc3 Qa1+ 41. Nb1 Re4 {Strongly threatening ...Kd7.} 42. Rxe4 $4 {[%mdl 8192]} (42. Rd1 $1 $11 {and White has nothing to worry.}) 42... fxe4 $19 43. Qh8 Nf3 44. Qc8 $2 (44. Qg8 {keeps fighting.}) 44... Qa7 45. Nc3 (45. b4 $142) 45... d5 $2 (45... Ng1 {( -> ...Rf1+)} 46. Rxg1 Qxg1+ 47. Nd1 Qg5+ 48. Kb1 {[#]} Rf1 $1 {[%mdl 512]} 49. Qxc7+ Ke6 50. Qc8+ Ke5 51. Qe8+ Kd4 52. Qh8+ Qf6 53. Qxf6+ Rxf6) 46. Rh8 Qg1+ 47. Nd1 Qg5+ 48. Kb1 Kd6 ({Weaker is} 48... Nd2+ 49. Ka2 $17) 49. Nc3 Ne5 (49... Nd4 $19 {has better winning chances.} 50. b4 Ne6) 50. b4 $2 (50. Ka2 $17) 50... Qf5 {...Qxc8 is the strong threat.} 51. Rd8+ Nd7 {White must now prevent ...d4.} 52. Na4 Qf1+ $2 ({Black should try} 52... e3 $19 {And now ...e2 would win.} 53. Nc5 e2 54. Nb7+ Ke6 55. Nc5+ Kf6 56. Nxd7+ Kg5) 53. Ka2 $11 {Threatens to win with Nc5.} Qc4+ 54. Ka3 Qxc2 $2 {[%mdl 8192] [#]} (54... Qf1 $11 {and Black is okay.}) 55. Rxd7+ $1 $18 {[%mdl 576] Remove Defender} Rxd7 $11 {[%mdl 4096] Endgame KQR-KQN} 56. Nc5 Re7 57. Qd8+ Ke5 58. Qxe7+ Kd4 $2 (58... Kf5 59. Qxc7 Qd2 60. Qxc6 Kg5) 59. Qxc7 $18 Qd1 60. Qxc6 Qf3+ 61. Nb3+ Ke5 62. Qe8+ Kf4 63. b5 Qd3 64. Qf7+ Ke3 65. Qxg6 Kf2 66. Qf6+ Kg2 67. Qg7+ Kf1 68. Qf6+ Kg2 $1 69. Qg5+ Kf3 70. Qd2 {White mates.} Qxd2 71. Nxd2+ Kf2 72. Nb3 e3 73. Nd4 e2 {[#]} 74. Nxe2 $1 {[%mdl 64] Promotion} Kxe2 75. b6 {Accuracy: White = 47%, Black = 43%.} 1-0

[Event "IV Zagreb Open 2019"]
[Site "Zagreb"]
[Date "2019.12.13"]
[Round "8.7"]
[White "Rudolf, Michal"]
[Black "Janzelj, Tim"]
[Result "1-0"]
[WhiteElo "2328"]
[BlackElo "2446"]
[Annotator "NA"]
[PlyCount "119"]
[EventDate "2019.12.07"]
[EventType "swiss"]
[EventCountry "CRO"]
[SourceTitle "playchess.com"]
[Source "ChessBase"]
[SourceQuality "1"]
[TimeControl "40/5400+30:1800+30"]

1. d4 {[%emt 0:00:00]} f5 {[%emt 0:00:00]} 2. Nc3 {[%emt 0:01:26]} Nf6 {[%emt 0:00:09]} 3. Bg5 {[%emt 0:00:19]} d5 {[%emt 0:00:08]} 4. Bxf6 {[%emt 0:00:07]} exf6 {[%emt 0:00:07]} 5. e3 {[%emt 0:00:18]} Be6 {[%emt 0:00:10]} 6. Nge2 {[%emt 0:03:12]} Qd7 {[%emt 0:03:41]} 7. Nf4 {[%emt 0:01:50]} Bf7 {[%emt 0:00:19]} 8. Qf3 {[%emt 0:04:26]} c6 {[%emt 0:00:16]} 9. Bd3 {[%emt 0:02:31]} h5 {[%emt 0:03:36]} 10. h3 {[%emt 0:04:48]} h4 {[%emt 0:10:45]} 11. O-O-O {[%emt 0:05:46]} Na6 {[%emt 0:13:37]} 12. g4 {[%emt 0:08:51]} hxg3 {[%emt 0:00:18]} 13. fxg3 {[%emt 0:00:44]} Nb4 {[%emt 0:05:05]} 14. Be2 {[%emt 0:01:30]} g5 {[%emt 0:00:57]} 15. a3 {[%emt 0:06:28]} gxf4 {[%emt 0:01:54]} 16. axb4 {[%emt 0:00:12]} fxg3 {[%emt 0:00:37]} 17. Qxg3 {[%emt 0:04:37]} Bxb4 {[%emt 0:05:01]} 18. Rdf1 {[%emt 0:10:45]} Be6 {[%emt 0:06:59]} 19. Bd3 {[%emt 0:00:28]} O-O-O {[%emt 0:11:32]} 20. Qf3 {[%emt 0:02:10]} Bxc3 {[%emt 0:14:21]} 21. bxc3 {[%emt 0:00:07]} Rde8 {[%emt 0:02:55]} 22. h4 {[%emt 0:00:40]} Rh6 {[%emt 0:01:13]} 23. h5 {[%emt 0:02:33]} Rg8 {[%emt 0:01:24]} 24. Bxf5 {[%emt 0:05:53]} Bxf5 {[%emt 0:00:09]} 25. Qxf5 {[%emt 0:00:05]} Qxf5 {[%emt 0:01:33]} 26. Rxf5 {[%emt 0:00:06]} Kd7 {[%emt 0:00:08]} 27. Rf2 {[%emt 0:05:13]} Rg5 {[%emt 0:00:19]} 28. Kd2 {[%emt 0:00:55]} f5 {[%emt 0:03:16]} 29. Rfh2 {[%emt 0:00:51]} a5 {[%emt 0:00:18]} 30. Ke2 {[%emt 0:04:21]} Rg3 {[%emt 0:02:56]} 31. Kf2 {[%emt 0:01:08]} Rg5 {[%emt 0:01:31]} 32. Kf3 {[%emt 0:04:20]} Ke6 {[%emt 0:00:01]} 33. Rh4 {[%emt 0:01:54]} b5 {[%emt 0:00:59]} 34. R4h3 {[%emt 0:00:11]} Kf6 {[%emt 0:00:16]} 35. Rh4 {[%emt 0:01:09]} a4 {[%emt 0:00:09]} 36. R4h3 {[%emt 0:01:33]} Rg4 {[%emt 0:00:14]} 37. R3h2 {[%emt 0:00:47]} Kg5 {[%emt 0:00:50]} 38. Rh3 {[%emt 0:00:12]} Kf6 {[%emt 0:06:46]} 39. R3h2 {[%emt 0:00:13]} Rg8 {[%emt 0:00:02]} 40. Kf4 {[%emt 0:00:00]} Rg7 {[%emt 0:00:00]} 41. Ra1 {[%emt 0:05:27]} Rg4+ {[%emt 0:10:10]} 42. Kf3 {[%emt 0:00:07]} Kg5 {[%emt 0:04:50]} 43. Rah1 {[%emt 0:00:18]} a3 {[%emt 0:12:00]} 44. Ra1 {[%emt 0:02:46]} f4 {[%emt 0:00:47]} 45. exf4+ {[%emt 0:01:24]} Rxf4+ {[%emt 0:06:10]} 46. Ke3 {[%emt 0:00:22]} Re6+ {[%emt 0:00:31]} 47. Kd2 {[%emt 0:02:25]} Kh6 {[%emt 0:01:31]} 48. Rxa3 {[%emt 0:01:29]} b4 {[%emt 0:01:03]} 49. Ra6 {[%emt 0:02:32]} Ref6 {[%emt 0:00:57]} 50. Rb6 {[%emt 0:00:42]} Rf2+ {[%emt 0:01:35]} 51. Rxf2 {[%emt 0:00:06]} Rxf2+ {[%emt 0:00:00]} 52. Kc1 {[%emt 0:01:27]} bxc3 {[%emt 0:00:39]} 53. Rxc6+ {[%emt 0:00:06]} Kxh5 {[%emt 0:00:02]} 54. Rxc3 {[%emt 0:00:07]} Kg6 {[%emt 0:01:00]} 55. Re3 {[%emt 0:03:18]} Rf4 {[%emt 0:01:09]} 56. c3 {[%emt 0:00:09]} Rf1+ {[%emt 0:00:27]} 57. Kb2 {[%emt 0:00:22]} Kf6 {[%emt 0:00:15]} 58. Re5 {[%emt 0:00:24]} Rf5 {[%emt 0:00:11]} 59. Rxf5+ {[%emt 0:00:39]} Kxf5 {[%emt 0:00:04]} 60. Kb3 {[%emt 0:00:09]} 1-0

[Event "IV Zagreb Open 2019"]
[Site "Zagreb"]
[Date "2019.12.13"]
[Round "8.8"]
[White "Smith, Bryan"]
[Black "Pavic, Filip"]
[Result "1-0"]
[WhiteElo "2428"]
[BlackElo "2238"]
[Annotator "NA"]
[PlyCount "53"]
[EventDate "2019.12.07"]
[EventType "swiss"]
[EventCountry "CRO"]
[SourceTitle "playchess.com"]
[Source "ChessBase"]
[SourceQuality "1"]
[TimeControl "40/5400+30:1800+30"]

1. e4 {[%emt 0:00:34]} c6 {[%emt 0:00:00]} 2. d4 {[%emt 0:00:22]} d5 {[%emt 0:00:00]} 3. e5 {[%emt 0:00:34]} Bf5 {[%emt 0:00:06]} 4. h4 {[%emt 0:00:07]} h5 {[%emt 0:00:26]} 5. Bd3 {[%emt 0:00:08]} Bxd3 {[%emt 0:00:38]} 6. Qxd3 {[%emt 0:00:06]} e6 {[%emt 0:00:29]} 7. Bg5 {[%emt 0:00:14]} Qa5+ {[%emt 0:00:07]} 8. Nd2 {[%emt 0:00:13]} Qa6 {[%emt 0:00:21]} 9. c4 {[%emt 0:00:44]} Bb4 {[%emt 0:02:07]} 10. b3 {[%emt 0:02:01]} Ne7 {[%emt 0:05:47]} 11. Ngf3 {[%emt 0:06:38]} Nf5 {[%emt 0:00:39]} 12. O-O {[%emt 0:00:47]} Nd7 {[%emt 0:02:33]} 13. a3 {[%emt 0:04:42]} Be7 {[%emt 0:05:51]} 14. Bxe7 {[%emt 0:01:48]} Kxe7 {[%emt 0:04:15]} 15. Rfd1 {[%emt 0:10:18]} Rhd8 {[%emt 0:05:58]} 16. Nf1 {[%emt 0:04:51]} dxc4 {[%emt 0:08:05]} 17. bxc4 {[%emt 0:00:46]} Nb6 {[%emt 0:09:14]} 18. Rac1 {[%emt 0:12:07]} Kf8 {[%emt 0:15:38]} 19. Ne3 {[%emt 0:07:30]} g6 {[%emt 0:12:19]} 20. Nxf5 {[%emt 0:00:52]} gxf5 {[%emt 0:00:13]} 21. Qe3 {[%emt 0:03:42]} Nxc4 {[%emt 0:02:33]} 22. Qh6+ {[%emt 0:00:23]} Ke8 {[%emt 0:00:29]} 23. Ng5 {[%emt 0:03:14]} Kd7 {[%emt 0:02:36]} 24. Qxh5 {[%emt 0:08:39]} Re8 {[%emt 0:01:30]} 25. Qxf7+ {[%emt 0:02:30]} Re7 {[%emt 0:00:06]} 26. Qf6 {[%emt 0:04:01]} b5 {[%emt 0:00:09]} 27. d5 {[%emt 0:00:47]} 1-0

[Event "IV Zagreb Open 2019"]
[Site "Zagreb"]
[Date "2019.12.13"]
[Round "8.9"]
[White "Mravunac, Damir"]
[Black "Ivekovic, Bozidar"]
[Result "0-1"]
[WhiteElo "2104"]
[BlackElo "2406"]
[Annotator "NA"]
[PlyCount "70"]
[EventDate "2019.12.07"]
[EventType "swiss"]
[EventCountry "CRO"]
[SourceTitle "playchess.com"]
[Source "ChessBase"]
[SourceQuality "1"]
[TimeControl "40/5400+30:1800+30"]

1. f4 {[%emt 0:08:11]} e5 {[%emt 0:07:32]} 2. fxe5 {[%emt 0:00:47]} d6 {[%emt 0:00:04]} 3. exd6 {[%emt 0:00:09]} Bxd6 {[%emt 0:00:04]} 4. Nf3 {[%emt 0:00:07]} g5 {[%emt 0:00:09]} 5. d4 {[%emt 0:01:18]} g4 {[%emt 0:06:42]} 6. Ng5 {[%emt 0:00:17]} f5 {[%emt 0:08:49]} 7. e4 {[%emt 0:00:28]} h6 {[%emt 0:04:33]} 8. e5 {[%emt 0:02:05]} Be7 {[%emt 0:11:49]} 9. Nh3 {[%emt 0:04:20]} gxh3 {[%emt 0:00:06]} 10. Qh5+ {[%emt 0:00:15]} Kf8 {[%emt 0:00:07]} 11. Bc4 {[%emt 0:00:13]} Qe8 {[%emt 0:00:28]} 12. Qxh3 {[%emt 0:00:14]} Nc6 {[%emt 0:10:10]} 13. c3 {[%emt 0:00:50]} Kg7 {[%emt 0:01:12]} 14. Bf4 {[%emt 0:00:36]} Bg5 {[%emt 0:01:05]} 15. O-O {[%emt 0:02:54]} Nge7 {[%emt 0:03:04]} 16. Nd2 {[%emt 0:03:21]} Ng6 {[%emt 0:02:11]} 17. g3 {[%emt 0:00:50]} Nce7 {[%emt 0:04:39]} 18. Qg2 {[%emt 0:01:43]} Rh7 {[%emt 0:04:55]} 19. Rae1 {[%emt 0:04:39]} Kh8 {[%emt 0:00:51]} 20. Bxg5 {[%emt 0:00:34]} hxg5 {[%emt 0:00:07]} 21. Nf3 {[%emt 0:00:08]} g4 {[%emt 0:02:21]} 22. Ng5 {[%emt 0:02:15]} Rh5 {[%emt 0:02:37]} 23. Qd2 {[%emt 0:00:18]} b5 {[%emt 0:04:25]} 24. Bb3 {[%emt 0:04:18]} Bb7 {[%emt 0:02:38]} 25. d5 {[%emt 0:01:22]} Bxd5 {[%emt 0:02:26]} 26. Bxd5 {[%emt 0:00:44]} Rd8 {[%emt 0:00:02]} 27. c4 {[%emt 0:01:20]} bxc4 {[%emt 0:00:13]} 28. e6 {[%emt 0:02:12]} Rxd5 {[%emt 0:00:13]} 29. Qc3+ {[%emt 0:00:40]} Kg8 {[%emt 0:00:10]} 30. Nf7 {[%emt 0:01:25]} Qc6 {[%emt 0:01:30]} 31. Rf2 {[%emt 0:00:37]} Rd3 {[%emt 0:01:08]} 32. Qf6 {[%emt 0:01:01]} Rxg3+ {[%emt 0:00:09]} 33. Kf1 {[%emt 0:00:07]} Qh1+ {[%emt 0:01:38]} 34. Ke2 {[%emt 0:01:08]} Re3+ {[%emt 0:00:26]} 35. Kxe3 {[%emt 0:00:19]} Qxe1+ {[%emt 0:00:09]} 0-1

[Event "IV Zagreb Open 2019"]
[Site "Zagreb"]
[Date "2019.12.13"]
[Round "8.10"]
[White "Jurkovic, Ante"]
[Black "Tica, Sven"]
[Result "1-0"]
[WhiteElo "2274"]
[BlackElo "2396"]
[Annotator "NA"]
[PlyCount "81"]
[EventDate "2019.12.07"]
[EventType "swiss"]
[EventCountry "CRO"]
[SourceTitle "playchess.com"]
[Source "ChessBase"]
[SourceQuality "1"]
[TimeControl "40/5400+30:1800+30"]

1. e4 {[%emt 0:00:00]} c6 {[%emt 0:00:00]} 2. Nf3 {[%emt 0:00:02]} d5 {[%emt 0:00:00]} 3. d3 {[%emt 0:00:22]} g6 {[%emt 0:00:16]} 4. Nbd2 {[%emt 0:00:56]} Bg7 {[%emt 0:00:07]} 5. g3 {[%emt 0:01:12]} e5 {[%emt 0:00:07]} 6. Bg2 {[%emt 0:00:09]} Ne7 {[%emt 0:00:05]} 7. O-O {[%emt 0:02:10]} O-O {[%emt 0:00:06]} 8. Re1 {[%emt 0:02:53]} d4 {[%emt 0:02:22]} 9. Nb3 {[%emt 0:08:21]} a5 {[%emt 0:06:08]} 10. a4 {[%emt 0:01:27]} Na6 {[%emt 0:07:19]} 11. c3 {[%emt 0:05:45]} c5 {[%emt 0:02:24]} 12. Qc2 {[%emt 0:09:35]} Nc6 {[%emt 0:08:17]} 13. Nbd2 {[%emt 0:06:53]} Be6 {[%emt 0:05:59]} 14. Nc4 {[%emt 0:01:40]} h6 {[%emt 0:00:18]} 15. Qe2 {[%emt 0:04:50]} Qc7 {[%emt 0:10:50]} 16. Nh4 {[%emt 0:01:20]} Qd8 {[%emt 0:05:55]} 17. Qf1 {[%emt 0:09:34]} Rc8 {[%emt 0:03:01]} 18. Rd1 {[%emt 0:02:36]} Kh7 {[%emt 0:03:05]} 19. Bh3 {[%emt 0:01:39]} Re8 {[%emt 0:03:59]} 20. Bxe6 {[%emt 0:00:57]} Rxe6 {[%emt 0:00:06]} 21. Qh3 {[%emt 0:02:29]} Ne7 {[%emt 0:03:38]} 22. Nf3 {[%emt 0:05:33]} Kg8 {[%emt 0:12:56]} 23. Bxh6 {[%emt 0:00:33]} Qf8 {[%emt 0:00:14]} 24. Bd2 {[%emt 0:01:47]} Bf6 {[%emt 0:02:17]} 25. Qg4 {[%emt 0:05:21]} b6 {[%emt 0:00:30]} 26. h4 {[%emt 0:01:39]} Bg7 {[%emt 0:00:41]} 27. h5 {[%emt 0:02:49]} Rcc6 {[%emt 0:02:59]} 28. h6 {[%emt 0:03:37]} Bxh6 {[%emt 0:00:31]} 29. Nfxe5 {[%emt 0:00:45]} Rc7 {[%emt 0:00:23]} 30. Bxh6 {[%emt 0:01:57]} Qxh6 {[%emt 0:00:07]} 31. Nf3 {[%emt 0:02:45]} f5 {[%emt 0:00:48]} 32. exf5 {[%emt 0:02:48]} Nxf5 {[%emt 0:00:02]} 33. Re1 {[%emt 0:03:50]} Rh7 {[%emt 0:01:09]} 34. Nh4 {[%emt 0:00:54]} Nc7 {[%emt 0:00:23]} 35. Rxe6 {[%emt 0:02:13]} Nxe6 {[%emt 0:00:02]} 36. Qxg6+ {[%emt 0:00:16]} Qxg6 {[%emt 0:00:06]} 37. Nxg6 {[%emt 0:00:10]} dxc3 {[%emt 0:00:11]} 38. bxc3 {[%emt 0:00:15]} Kf7 {[%emt 0:00:12]} 39. Nge5+ {[%emt 0:00:22]} Kf6 {[%emt 0:00:04]} 40. Rb1 {[%emt 0:00:00]} Ne7 {[%emt 0:00:00]} 41. Nd7+ {[%emt 0:03:51]} 1-0

[Event "IV Zagreb Open 2019"]
[Site "Zagreb"]
[Date "2019.12.13"]
[Round "8.11"]
[White "Cvitan, Ognjen"]
[Black "Medic, Mirjana"]
[Result "1-0"]
[WhiteElo "2488"]
[BlackElo "2190"]
[Annotator "ChessBase"]
[PlyCount "77"]
[EventDate "2019.12.07"]
[EventType "swiss"]
[EventCountry "CRO"]
[SourceTitle "playchess.com"]
[Source "ChessBase"]
[SourceQuality "1"]
[TimeControl "40/5400+30:1800+30"]

1. Nf3 {[%emt 0:01:09]} d5 {[%emt 0:00:00]} 2. d4 {[%emt 0:00:38]} e6 {[%emt 0:01:06]} 3. c4 {[%emt 0:00:14]} c6 {[%emt 0:00:06]} 4. Nc3 {[%emt 0:00:24]} f5 {[%emt 0:02:54]} 5. Bf4 {[%emt 0:05:41]} Nf6 {[%emt 0:00:21]} 6. e3 {[%emt 0:00:11]} Be7 {[%emt 0:00:28]} 7. h3 {[%emt 0:00:48]} O-O {[%emt 0:02:24]} 8. Qc2 {[%emt 0:00:41]} Na6 {[%emt 0:01:18]} 9. Be2 {[%emt 0:04:49]} Ne4 {[%emt 0:00:56]} 10. O-O {[%emt 0:00:42]} Bd7 {[%emt 0:12:12]} 11. Ne5 {[%emt 0:06:20]} Be8 {[%emt 0:12:30]} 12. Nxe4 {[%emt 0:14:28]} fxe4 {[%emt 0:00:29]} 13. cxd5 {[%emt 0:01:14]} cxd5 {[%emt 0:04:15]} 14. Qb3 {[%emt 0:08:16]} Rb8 {[%emt 0:06:42]} 15. f3 {[%emt 0:09:42]} exf3 {[%emt 0:02:27]} 16. Nxf3 {[%emt 0:00:11]} Bd6 {[%emt 0:00:49]} 17. Bxd6 {[%emt 0:01:00]} Qxd6 {[%emt 0:00:03]} 18. Ne5 {[%emt 0:00:06]} Rf6 {[%emt 0:05:51]} 19. a3 {[%emt 0:00:19]} Nc5 {[%emt 0:08:12]} 20. Qb4 {[%emt 0:00:27]} Ne4 {[%emt 0:00:02]} 21. Bd3 {[%emt 0:00:25]} Rxf1+ {[%emt 0:02:56]} 22. Kxf1 {[%emt 0:00:32]} a5 {[%emt 0:04:38]} 23. Qe1 {[%emt 0:01:45]} Bc6 {[%emt 0:05:43]} 24. Kg1 {[%emt 0:00:26]} Nc5 {[%emt 0:01:53]} 25. Bc2 {[%emt 0:03:00]} Nd7 {[%emt 0:02:46]} 26. Nxd7 {[%emt 0:07:38]} Bxd7 {[%emt 0:01:12]} 27. Qxa5 {[%emt 0:00:05]} Qg3 {[%emt 0:00:59]} 28. Qe1 {[%emt 0:00:31]} Qg5 {[%emt 0:00:06]} 29. Kh2 {[%emt 0:02:15]} Rc8 {[%emt 0:01:01]} 30. Bb3 {[%emt 0:02:57]} Bb5 {[%emt 0:00:52]} 31. Rc1 {[%emt 0:00:34]} Rxc1 {[%emt 0:02:25]} 32. Qxc1 {[%emt 0:00:01]} Qd8 {[%emt 0:00:10]} 33. e4 {[%emt 0:02:30]} Bd3 {[%emt 0:00:44]} 34. exd5 {[%emt 0:00:50]} exd5 {[%emt 0:00:35]} 35. Qe3 {[%emt 0:00:11]} Qd6+ {[%emt 0:01:23]} 36. Qg3 {[%emt 0:02:37]} Qxg3+ {[%emt 0:00:08]} 37. Kxg3 {[%emt 0:00:10]} Be4 {[%emt 0:00:02]} 38. Bd1 {[%emt 0:00:12]} Kf7 {[%emt 0:01:41]} 39. Bf3 {[%emt 0:00:14]} 1-0

[Event "IV Zagreb Open 2019"]
[Site "Zagreb"]
[Date "2019.12.14"]
[Round "9.1"]
[White "Kozul, Zdenko"]
[Black "Livaic, Leon"]
[Result "1-0"]
[WhiteElo "2590"]
[BlackElo "2505"]
[Annotator "TA"]
[PlyCount "129"]
[EventDate "2019.12.07"]
[EventType "swiss"]
[EventCountry "CRO"]
[SourceTitle "playchess.com"]
[Source "ChessBase"]
[SourceQuality "1"]

{[%evp 9,129,13,13,6,0,7,13,12,16,15,26,27,9,6,0,0,-1,-23,-41,-21,-23,-31,-18,-33,-18,-21,0,-100,-50,-197,-199,-185,-179,-188,-184,-377,0,0,0,0,0,0,0,-52,86,108,97,106,100,95,86,91,113,112,122,112,144,59,102,77,77,77,77,77,77,77,78,77,77,77,77,80,115,76,136,145,149,140,145,126,178,178,226,131,109,87,90,77,249,232,791,758,12837,12832,12838,12839,12839,12839,12841,12841,12841,12842,12842,12843,12843,12843,12844,12844,12845,12845,12845,12846,12846,12847,12847,12847,12848,12848,12849,12849,12850,29993]} 1. d4 Nf6 2. Nf3 d5 3. c4 e6 4. e3 a6 5. Nbd2 (5. b3 c5 6. Bb2 cxd4 7. exd4 b6 8. Bd3 Bb7 9. O-O Be7 10. Nbd2 O-O 11. Qe2 Nc6 12. Rac1 Re8 {½-½ (39) Radjabov,T (2758)-Sjugirov,S (2662) Khanty-Mansiysk 2019}) 5... c5 6. dxc5 {D30: Queen's Gambit Declined: Systems without Nc3} Bxc5 7. a3 O-O 8. b4 {The position is equal.} Be7 9. Bb2 a5 10. b5 Nbd7 11. Qc2 b6 12. cxd5 Nxd5 13. e4 N5f6 14. Nd4 Bb7 $146 ({Predecessor:} 14... Bc5) 15. Nc6 Rc8 16. Rd1 Qe8 17. f3 $1 Bc5 18. Qb1 {[#]} (18. Nb3 $11 {keeps the balance.}) 18... Nd5 $1 {[%mdl 512]} 19. exd5 (19. Nb3 $15 Ne3 20. Rxd7 {[%mdl 64] Remove Defender} Qxd7 21. Nxc5 bxc5 22. Qc1 Nxf1 23. Bxg7 Bxc6 24. bxc6 Qd2+ 25. Qxd2 Nxd2 26. Bxf8) 19... exd5+ $19 20. Be2 {[#]} Qe3 $1 {[%csl Gc5][%cal Re3f2][%mdl 512]} 21. Ne4 dxe4 (21... Bxc6 $2 22. Bc1 $18) 22. Rxd7 $2 (22. Rf1 Rfe8 23. fxe4 Rxe4 24. Qd3) 22... exf3 $2 (22... Qf2+ $19 23. Kd1 Rxc6) 23. gxf3 $11 {Strongly threatening Qe4.} Qf2+ 24. Kd1 Rxc6 $1 25. bxc6 $40 {[%mdl 128] White has some attack.} Bxc6 {[%mdl 64] Double Attack} 26. Qd3 (26. Rd2 $11 Ba4+ 27. Kc1) 26... Be3 (26... Ba4+ $15 {stays ahead.} 27. Kd2 Bxd7 28. Qxd7 Qe3+ {[%mdl 64] Double Attack} 29. Kd1 Be7) 27. Rd4 $1 $16 Bxf3 28. Re1 {Hoping for Rd8.} Bxd4 29. Bxd4 Bxe2+ 30. Rxe2 Qf1+ 31. Kd2 Qf4+ 32. Qe3 Qd6 {[#]} 33. Ke1 (33. Qe5 $1 $16 {[%csl Gd4][%cal Re5g7]} Qg6 34. Qg3) 33... Qc6 34. Qe5 {[%csl Gd4][%cal Re5g7]} f6 35. Qe6+ Qxe6 36. Rxe6 {[%mdl 4096] Endgame KRB-KR} b5 37. Ra6 Rd8 38. Bb6 Re8+ 39. Kd2 a4 40. Bc7 Re7 41. Bd6 Re4 (41... Re6 $142) 42. Kd3 Rh4 43. Rb6 Rh3+ 44. Kd4 Rb3 (44... Kf7 $16 {keeps fighting.} 45. Rxb5 g5) 45. Kd5 $18 h5 46. Kc6 (46. Ke6 $1 $18) 46... g5 47. Rxb5 {aiming for Ra5.} Kf7 48. Ra5 Ke6 $2 (48... Rc3+ $16 {might work better.} 49. Kb5 Rd3 50. Ra7+ Ke6) 49. Rxa4 {Threatens to win with Ra8.} Rc3+ $2 (49... f5 50. Ra5 Rc3+ 51. Bc5 f4) 50. Bc5 {White is clearly winning.} Rc2 51. Ra8 Rxh2 {[#]} 52. a4 $1 {[%cal Ra4a5]} Ra2 {[#]} 53. a5 $1 {[%cal Ra5a6]} h4 54. a6 h3 55. a7 Kf5 56. Rh8 Kg4 57. a8=Q Rxa8 58. Rxa8 f5 59. Bg1 Kf3 60. Ra2 f4 61. Kd5 g4 62. Rf2+ Kg3 63. Ke4 {White wants to mate with Rd2.} f3 64. Ra2 {White threatens Bh2+ and mate.} f2 65. Bxf2+ {Accuracy: White = 59%, Black = 43%.} 1-0

[Event "IV Zagreb Open 2019"]
[Site "Zagreb"]
[Date "2019.12.14"]
[Round "9.2"]
[White "Kotronias, Vasilios"]
[Black "Enchev, Ivajlo"]
[Result "1/2-1/2"]
[WhiteElo "2506"]
[BlackElo "2482"]
[Annotator "ChessBase"]
[PlyCount "21"]
[EventDate "2019.12.07"]
[EventType "swiss"]
[EventCountry "CRO"]
[SourceTitle "playchess.com"]
[Source "ChessBase"]
[SourceQuality "1"]
[TimeControl "40/5400+30:1800+30"]

1. e4 {[%emt 0:00:11]} e5 {[%emt 0:00:00]} 2. Nf3 {[%emt 0:00:04]} Nc6 {[%emt 0:00:00]} 3. Bb5 {[%emt 0:00:03]} a6 {[%emt 0:00:00]} 4. Ba4 {[%emt 0:00:03]} Nf6 {[%emt 0:00:00]} 5. O-O {[%emt 0:00:05]} b5 {[%emt 0:00:02]} 6. Bb3 {[%emt 0:00:03]} Be7 {[%emt 0:00:10]} 7. Re1 {[%emt 0:00:05]} O-O {[%emt 0:00:09]} 8. h3 {[%emt 0:00:03]} d6 {[%emt 0:00:10]} 9. c3 {[%emt 0:00:03]} Bb7 {[%emt 0:00:05]} 10. d4 {[%emt 0:00:03]} Re8 {[%emt 0:00:06]} 11. Ng5 {[%emt 0:00:03]} 1/2-1/2